000
00433nam a2200157Ia 4500
008
100122s9999 xx 000 0 und d
082
_b
58676
_a
823.08
100
_a
पेठे मेघना
245
_a
हंस अकेला
250
_a
2
260
_b
राजहंस प्रकाशन
_c
1998
300
_a
152
630
_a
हंस अकेला
730
_a
हंस अकेला
942
_c
BOOK
999
_c
434507
_d
434504